| 000 | 00560nam a2200193Ia 4500 | ||
|---|---|---|---|
| 008 | 100122s9999 xx 000 0 und d | ||
| 082 |
_b60892 _a823 |
||
| 100 | _aबॅगले डेसमंड | ||
| 245 | _aफ्रीडम ट्रॅप | ||
| 250 | _a1 | ||
| 260 |
_bप्राजक्त _c2001 |
||
| 300 | _a240 | ||
| 520 | _a(क.क्र.1) | ||
| 620 | _a(क.क्र.1) | ||
| 630 | _aफ्रीडम ट्रॅप | ||
| 700 | _aमांडे अरुण | ||
| 730 | _aफ्रीडम ट्रॅप | ||
| 942 | _cBOOK | ||
| 999 |
_c435857 _d435854 |
||